[Event "SVK-ch Amateur"]
[Site "Topolcany"]
[Date "2020.07.10"]
[Round "1"]
[White "Galdik, Stefan"]
[Black "Blaho, Stefan"]
[Result "0-1"]
[WhiteElo "1583"]
[BlackElo "2054"]
[PlyCount "85"]
[EventDate "2020.07.10"]
[EventType "swiss"]
[EventRounds "7"]
[EventCountry "SVK"]
[SourceTitle "EXT 2021"]
[Source "ChessBase"]
[SourceDate "2020.10.23"]
[SourceVersion "1"]
[SourceVersionDate "2020.10.23"]
[SourceQuality "1"]

1. d4 d5 2. c4 e6 3. Nc3 Nf6 4. Bg5 Bb4 5. e3 Nbd7 6. a3 Bxc3+ 7. bxc3 c5 8. Nf3 Qa5 9. Qb3 0-0 10. Bxf6 Nxf6 11. Bd3 cxd4 12. exd4 dxc4 13. Bxc4 b5 14. Be2 Nd5 15. Rc1 Nf4 16. g3 Nxe2 17. Kxe2 Bb7 18. Rhe1 Rac8 19. Ne5 Rc7 20. Qb4 Qb6 21. Kf1 Rfc8 22. Re3 a5 23. Qb2 Bd5 24. Ree1 f6 25. Nd3 Bc4 26. Red1 Qc6 27. Kg1 Qf3 28. Ne1 Qe2 29. Qxe2 Bxe2 30. Rd2 Bh5 31. Rb2 Rxc3 32. Rxc3 Rxc3 33. Rxb5 Rxa3 34. Rxh5 f5 35. Nc2 Rc3 36. Ne3 a4 37. Nxf5 a3 38. Ne7+ Kf7 39. Ra5 Kxe7 40. Ra6 Kd7 41. Kg2 Rb3 42. h3 Kc7 43. Rd6 0-1